Poesía completa
Αποθηκεύτηκε σε:
| Κύριος συγγραφέας: | |
|---|---|
| Μορφή: | Βιβλίο |
| Γλώσσα: | Αγγλικά Ισπανικά |
| Έκδοση: |
Barcelona
Ediciones 29
1983
|
| Σειρά: | Libros Río Bueno
|
| Θέματα: | |
| Ετικέτες: |
Προσθήκη ετικέτας
Δεν υπάρχουν, Καταχωρήστε ετικέτα πρώτοι!
|
MARC
| LEADER | 00000nam a2200000 a 4500 | ||
|---|---|---|---|
| 001 | UCV8158 | ||
| 003 | CL-VaPUC | ||
| 008 | 900823e19830000SP |||||||||||||||||eng|d | ||
| 041 | 0 | 7 | |a eng |2 CL-VaPUC |
| 041 | 0 | 7 | |a spa |2 CL-VaPUC |
| 082 | 0 | 4 | |a 811 |b WHI |2 21 |
| 100 | 0 | |a Whitman, Walt |e author |9 302227 | |
| 245 | 1 | 0 | |a Poesía completa |
| 300 | |a 4 v | ||
| 942 | |c BK | ||
| 945 | |d 19900823 00:00:00 |a oaravena | ||
| 260 | |a Barcelona |b Ediciones 29 |c 1983 | ||
| 650 | 7 | |a POESIAS ESTADOUNIDENSES |2 CL-VaPUC |9 302228 | |
| 583 | |a last modification |c 19900823 00:00:00 |k Rodrigo Vera | ||
| 490 | 0 | |a Libros Río Bueno | |
| 999 | |c 213714 |d 213712 | ||
| 952 | |0 0 |1 0 |4 0 |6 811_000000000000000_WHI_1983 |7 0 |8 P |9 196373 |a BIBARQ |b BIBARQ |d 2019-11-14 |h v.2 |i 2642700 |o 811 WHI 1983 |p 2642700 |r 2025-01-20 |w 2019-11-14 |y BK |k ARQ | ||
| 952 | |0 0 |1 0 |4 0 |6 811_000000000000000_WHI_1983 |7 0 |8 P |9 196374 |a BIBARQ |b BIBARQ |d 2019-11-14 |h v.3 |i 2642719 |o 811 WHI 1983 |p 2642719 |r 2025-01-20 |w 2019-11-14 |y BK |k ARQ | ||
| 952 | |0 0 |1 0 |4 0 |6 811_000000000000000_WHI_1983 |7 0 |8 P |9 196375 |a BIBARQ |b BIBARQ |d 2019-11-14 |h v.4 |i 2642727 |o 811 WHI 1983 |p 2642727 |r 2025-01-20 |w 2019-11-14 |y BK |k ARQ | ||